000
00268nam a22001217a 4500
008
180227b xxu||||| |||| 00| 0 eng d
041
_a
eng
080
_a
32
100
_a
23
101
_a
pol
245
_a
for conjspicuous gallantry
_c
donald.e.w
942
_2
udc
_c
BK
999
_c
43591
_d
43591